000 00784nam a22002651 4500
001 28339
003 BD-RjUL
005 20211209051252.0
008 140330s1922 enk 001 0 eng
035 _a(BD-RjUL)28420
035 _a(OCoLC)352137
040 _aDLC
_cOKentU
_dBD-RjUL
_beng
041 _aeng
082 0 4 _222
_a149
_bCAT 1922
100 1 _aCarr, Herbert Wildon
_d1857-1931.
_986778
245 1 2 _aA theory of monads :
_boutlines of the philosophy of the principle of relativity /
_cH. Wildon Carr.
260 _aLondon :
_bMacmillan and Co., Limited,
_c1922.
300 _aviii, 351 p. ;
_c23 cm.
504 _aIncludes index.
650 0 _aRelativity.
_986789
650 0 _aMonadology.
_945303
942 _2ddc
_cBK
999 _c28339
_d28339